000 00279nam a22001217a 4500
020 _a0-7214-1947-X
082 _a823
_bDYR/G
100 _aDYRBYE, HELEN
245 _aGRANDAD GETS TO BABYSIT
260 _aENGLAND
_bLADY BIRD
650 _aENGLISH SHORT STORY
_zENGLAND
942 _cBK
999 _c2369
_d2369